000 01015cas a2200349 a 4500
001 13857344
005 20180308035608.0
008 050201c20059999miugr 0 a0eng c
010 _a 2005213264
022 0 _a1554-4397
_21
035 _a(OCoLC)ocm57541919
037 _bGale Group, 27500 Drake Rd., Farmington Hills, MI 48331-3535
040 _aNSD
_beng
_cNSD
_dPVL
_dDLC
_dNSD
_dDLC
_dTJC
_dOCLCQ
_dOCLCF
_dOCLCO
_dNRC
_dOCLCQ
041 _aeng
042 _apcc
_ansdp
043 _an-us---
080 _a621 JOH
082 1 0 _a621 JOH
_213
100 _a16
101 _a HIS
222 0 _aElectronic America
245 0 0 _aElectronic America.
310 _aBiennial
362 0 _a2005 ed.-
776 0 8 _iOnline version:
_tElectronic America
_w(OCoLC)688645891
906 _a7
_bcbc
_cserials
_d2
_encip
_f20
_gn-oclcserc
942 _2ddc
_cBK
999 _c44400
_d44400